Penmanasukalude peruvazhiyambalam(പെൺമനസ്സുകളുടെ പെരുവഴിയമ്പലം) (Record no. 114664)

MARC details
000 -LEADER
fixed length control field 00527 a2200157 4500
005 - DATE AND TIME OF LATEST TRANSACTION
control field 20260330110804.0
008 - FIXED-LENGTH DATA ELEMENTS--GENERAL INFORMATION
fixed length control field 260116b |||||||| |||| 00| 0 eng d
020 ## - INTERNATIONAL STANDARD BOOK NUMBER
International Standard Book Number 9788190970037
080 ## - UNIVERSAL DECIMAL CLASSIFICATION NUMBER
Universal Decimal Classification number 791.632=M
Item number SIJ/P
100 ## - MAIN ENTRY--PERSONAL NAME
Personal name Siju,K. J.
245 ## - TITLE STATEMENT
Title Penmanasukalude peruvazhiyambalam(പെൺമനസ്സുകളുടെ പെരുവഴിയമ്പലം)
260 ## - PUBLICATION, DISTRIBUTION, ETC. (IMPRINT)
Name of publisher, distributor, etc Paridhi publications.
Place of publication, distribution, etc Thiruvananthapuram.
Date of publication, distribution, etc 2010.
300 ## - PHYSICAL DESCRIPTION
Extent 72p.
653 ## - INDEX TERM--UNCONTROLLED
Uncontrolled term Study-Padmarajan-Malayalam film industry
942 ## - ADDED ENTRY ELEMENTS (KOHA)
item type Under processing
Holdings
Lost status Source of classification or shelving scheme Not for loan Home library Current library Shelving location Date acquired Cost, normal purchase price Total Checkouts Full call number Barcode Date last seen Cost, replacement price Price effective from Koha item type
  Universal Decimal Classification Not For Loan University Library University Library On Display 11/03/2025 43.34   791.632=M SIJ/P 00097025 11/03/2025 65.00 11/03/2025 Books
University Library, CUSAT